000 00505nam a2200193 a 4500
001 1761486480908
003 ACL
005 20251026192011.0
008 251026s2002##################000#0#eng##
020 _a9781580625036
082 0 4 _a658.8708
_bJUS
100 1 _aJustis, Robert T.,
_eauthor.
245 1 0 _aStreetwise Achieving Wealth Through Franchising :
260 _bAdams Media,
_c2002.
300 _a416 pages
650 0 _aBusiness & Economics.
942 _cENGLISH
040 _aACL
_beng
_cACL
999 _c594067
_d594067